Zúčtovacie vzťahy v účtovníctve rozpočtových organizácií, príspevkových organizácií a obcí diplomová práca

Gespeichert in:
Bibliographische Detailangaben
1. Verfasser: Chabanová, Marta
Körperschaft: Fakulta hospodárskej informatiky EU. Katedra účtovníctva a audítorstva
Weitere Verfasser: Kovalčíková, Antónia
Format: Buch
Sprache:Slowakisch
Veröffentlicht: Bratislava 2010
Tags: Tag hinzufügen
Keine Tags, Fügen Sie das erste Tag hinzu!

MARC

LEADER 00000nbm a2200000 4500
001 0162303
005 20121206101508.8
041 0 |a slo 
044 |a SK 
245 1 0 |a Zúčtovacie vzťahy v účtovníctve rozpočtových organizácií, príspevkových organizácií a obcí  |b diplomová práca  |c Marta Chabanová ; školiteľ: Antónia Kovalčíková 
264 1 |a Bratislava  |c 2010 
300 |a 83 s. 
100 1 |a Chabanová, Marta 
700 1 |a Kovalčíková, Antónia 
710 2 |a Fakulta hospodárskej informatiky EU. Katedra účtovníctva a audítorstva